00538nam a2200205 a 4500001001300000003000900013005001700022008004100039020002300080082001600103100002000119245005100139260004400190300000900234500003500243505001000278650001100288650001300299700002000312nice12345678IN_TiNIC20260116012744.0050524s1990 lona grp 000 0 eng  a0190679 c10000a262.14bCOL aCollins, John N aDiakoniab Re-Interpreting the Ancient Sources aLondan bOxford University Press c1990 a368p aincludes index and biblioraphy2 aIndex aClergy aTheology1 aCollins, John N